00729cam a22002297a 4500003000500000005001700005008004100022010001000063011001000073035001000083040000900093082001500102100002600117245010300143260003300246300001100279490006800290650003400358650001600392700002300408830006800431CHAP20220817042737.0971013s1977 r 00010 d a54157 a55129 a59281 cCHAP a146.3bP7Y00aPrestipino, Gruseppe.13aEl pensamiento filosófico de Engelsb: naturaleza y sociedad en la perspectiva teoría marxista aMéxico :bSiglo XXI,c1977 a313 p. 0aBiblioteca del pensamiento socialista. Serie ensayos críticos14aFilosofía de la naturaleza.14aSociedades.0 aEngels, Friedrich.00aBiblioteca del pensamiento socialista. Serie ensayos críticos